| 000 | 00847cam a2200253 a 4500 | ||
|---|---|---|---|
| 001 | 000011683 | ||
| 005 | 20260415212155.0 | ||
| 008 | 000719s1997 ck a b 001 0 spa | ||
| 020 | _a9589613721 | ||
| 040 |
_aDO-SdBNP _cDLC |
||
| 082 |
_a658.3124 _bU74d |
||
| 100 | 1 |
_aUrdaneta Ballén, Orlando. _927689 |
|
| 245 | 1 | 3 |
_aEl desarrollo de los recursos humanos en los procesos de apertura economica / _cOrlando Urdaneta Ballén. |
| 260 |
_aBogotá : _b3R , _c1997. |
||
| 300 |
_a202 p. : _bil. ; _c24 cm. |
||
| 490 | 1 | _aTemas gerenciales | |
| 504 | _aIncluye referencias bibliográficas (201-202) | ||
| 650 | 0 |
_aEmpleados _xCapacitación de _927690 |
|
| 650 | 0 |
_aAdministración de personal _91581 |
|
| 650 | 4 |
_aApertura económica _927691 |
|
| 830 | 0 |
_aTemas gerenciales ; _927565 |
|
| 910 | _aCatalogación por copia / LC | ||
| 049 | _aBNGR | ||
| 999 |
_c11369 _d11369 |
||